000 00371nam a2200157Ia 4500
003 OSt
005 20240306111213.0
008 170523s9999 xx 000 0 und d
020 _a978-9351610175
040 _ciimtu meerut
100 _aVARSHNEY- RL
245 0 _aINTERNATIONAL MARKETING MANAGEMENT
260 _bSULTAN CHAND SONS
260 _c2004
942 _2ddc
_c02
999 _c1007
_d1007